LEADER 01096nam a2200265 i 4500 001 000000056411 003 CaOOAMICUS 005 20070911000000.0 008 070911s1964 it u000 u ita u 013 $a27583 040 $aSeMil$bita 100 1 $aFogazzaro, Antonio,$d<1842-1911>.$0(OLS)http://semarc/name/8574 245 10$aPiccolo mondo antico /$cAntonio Fogazzaro. 250 $a10. Ed. 260 $a[Milano] :$bArnoldo Mondadori Editore,$c1964. 300 $a363 p. ;$c19 cm. 490 0 $aBiblioteca moderna Mondadori ;$v271 490 0 $aBiblioteca moderna Mondadori. Romanzi e racconti ;$v271 830 0$aBiblioteca moderna Mondadori ;$v271.$0(OLS)http://semarc/title/8674 830 0$aBiblioteca moderna Mondadori. Romanzi e racconti ;$v271.$0(OLS)http://semarc/title/20605 850 $aSeMil 852 $aSeMil$W1$xVenegono$y1$m1B II 355$j239948$B22565$CSeMilBibl$Z2$F22567 $81 961 $aRecupero: Altro 996 $6245$aPiccolo mondo antico$9(OLS)http://semarc/title/87698 996 $6260$a[Milano] :$bArnoldo Mondadori Editore$9(OLS)http://semarc/publisher/29634 LEADER 01041nam a2200241 i 4500 001 000000206809 003 CaOOAMICUS 005 20230707123915.0 008 160321s1959 it u000 u ita u 040 $aSeMil$bita 100 1 $aDuquoc, Christian,$c.$0(OLS)http://semarc/name/90086 245 10$aQuando il progresso è vero... /$cChristian Duquoc. 260 $aTorino :$bElle Di Ci,$c1959. 300 $a62 p., [4] c. di tav. :$bill. ;$c19 cm. 490 0 $aSussidirapidi. Ser. 1., Sguardo sul mondo ;$v2 650 4$aProgresso tecnico - Concezione cristiana.$0(OLS)http://semarc/subject/19969 830 0$aSussidirapidi. Ser. 1., Sguardo sul mondo ;$v2.$0(OLS)http://semarc/title/44768 850 $aSeMil 852 $aSeMil$W1$xVenegono$y1$m2D I 425$j157272$B157272$CSeMilBibl$Z2$F209988 $81 961 $aLascito: Calori don Carlo 996 $6245$aQuando il progresso è vero...$9(OLS)http://semarc/title/299063 996 $6260$aTorino :$bElle Di Ci$9(OLS)http://semarc/publisher/38594